Objets célestes les plus brillants dans le ciel - Statistiques

Statistiques générales
  • Ce quiz a été pris 2 973 fois
  • Le résultat moyen est 8 sur 22
Statistiques - réponses
Mag. app. Objet % Correct
- 26,78 Soleil
97%
- 12,90 Lune
88%
- 2,94 Mars
83%
- 4,92 Vénus
83%
- 2,94 Jupiter
81%
- 0,55 Saturne
77%
- 2,48 Mercure
74%
- 0,29 Alpha du Centaure
37%
- 1,46 Sirius
31%
0,00 Bételgeuse
22%
0,13 Grand Nuage de {Magellan}
18%
- 0,02 Véga
15%
0,75 Aldébaran
10%
- 0,05 Arcturus
10%
0,05 Rigel
9%
0,77 Altaïr
8%
- 0,74 Canopus
6%
0,03 Capella
6%
0,61 Béta du Centaure
5%
0,37 Procyon
5%
0,40 Achernar
4%
0,79 Acrux
4%
Aucun quiz correspondant
Distribution des résultats
% des personnes avec chaque résultat
Percentile par nombre de réponses
Votre historique - résultats
Vous n’avez pas pris ce quiz